| 000 | 01214nam0a22002411 4500 | ||
|---|---|---|---|
| 001 | rc\513621 | ||
| 005 | 20260406234347.0 | ||
| 035 | _a(NLR Aleph) 005753465 | ||
| 090 |
_a4864417 _c4864417 |
||
| 100 | _a20030616d1987 |||y0rusy50 ca | ||
| 101 | 0 | _arus | |
| 102 | _aRU | ||
| 105 | _aa ||||||||| | ||
| 200 | 1 |
_aНиколай Николаевич Модоров _eЖивопись _eКат. [выст.] _f[Вступ. ст. А.Т. Антонова, искусствоведа] |
|
| 210 |
_aВладимир _cУпрполиграфиздат Владим. облисполкома _d1987 |
||
| 215 |
_a24 с. _cил. _d16х21 |
||
| 300 | _aВ надзаг.: Упр. культуры Владим. облисполкома, Владим. орг. Союза художников РСФСР, Владим. худож. фонд РСФСР, Владим.-Сузд. ист.-архит. и худож. музей-заповедник | ||
| 710 | 1 | 0 |
_aМодоров, _gНиколай Николаевич _hВыставка произведений _f1987 _eВладимир _3RU\NLR\AUTH\889987883 _9471404 |
| 801 | 0 |
_aRU _bNLR _gpsbo |
|
| 801 | 1 |
_aRU _bELAR _2rusmarc |
|
| 852 |
_aNLR _bЭ _jКП/М745,6 |
||
| 942 | _cBOOK | ||
| 980 | _aNB | ||